00309 a2200109 450000100060000008200120000610000470001824500770006526000260014230000090016850000220017792209 aPR 2480 aLaraib Syed; Prof Kashif Mehmood (Advisor) aComputational Fluid Dynamic Analysis of Human Arterial systemn77 "A" EC aIslamabadbNUSTc2014 a70p. aBE Project Report